000 00562nam a2200205Ia 4500
003 OSt
005 20200819102742.0
008 190216s9999||||xx |||||||||||||| ||und||
020 _a9780070495081
020 _a9780070648494
040 _coclc
082 _a541.3
_bLEV/P
100 _aLevine, Ira N
_94208
245 0 _aPhysical Chemistry /
_cIra N Levine
250 _a5th Ed.
260 _bTata Mcgrawhill Publishers,
_aNew Delhi:
_c2002.
300 _a986p
650 _aChemistry
942 _cBK
_2ddc
_h541.3
_iLEV/P
_k541.3
_mLEV/P
999 _c3305
_d3305